[Event "Sparkassen-Open A"]
[Site "Heusenstamm, Martinsee"]
[Date "2024.11.21"]
[Round "1.83"]
[White "Stein, Tobias"]
[Black "Behr, Julian"]
[Result "1/2-1/2"]
[WhiteElo "2034"]
[BlackElo "1803"]
[PlyCount "88"]
[EventDate "2024.11.21"]
[WhiteTeam "SV Alsfeld"]
[BlackTeam "Sfr.Mainz 1928"]

1. e4 e5 2. Nf3 Nc6 3. Bb5 a6 4. Ba4 Nf6 5. d3 Bc5 6. O-O b5 7. Bb3 d6 8. c3 O-O 9. h3 Bb7 10. Re1 Bb6 11. Nbd2 Ne7 12. Nf1 Ng6 13. Ng3 Re8 14. Bg5 h6 15. Bd2 d5 16. a4 c5 17. Bc2 Qc7 18. Nf5 dxe4 19. dxe4 Rad8 20. Qe2 Nf4 21. Bxf4 exf4 22. e5 Bxf3 23. Qxf3 Rxe5 24. Rad1 Rde8 25. Rxe5 Qxe5 26. axb5 axb5 27. Nd6 Rd8 28. Qc6 Nd7 29. Nxf7 Kxf7 30. Rxd7+ Rxd7 31. Qxd7+ Kf6 32. Qxb5 Qe6 33. Bb3 c4 34. Bxc4 Qe1+ 35. Kh2 Qxf2 36. Qc6+ Ke7 37. Qe6+ Kd8 38. Qg8+ Kd7 39. Qxg7+ Kc6 40. Qf6+ Kb7 41. Qf7+ Bc7 42. Qd5+ Kb8 43. Qb5+ Ka7 44. Qa4+ Kb8 1/2-1/2

[Event "Sparkassen-Open A"]
[Site "Heusenstamm, Martinsee"]
[Date "2024.11.21"]
[Round "1.84"]
[White "Himmelspacht, Maxim"]
[Black "Marcziter, Alex"]
[Result "0-1"]
[WhiteElo "1802"]
[BlackElo "1988"]
[PlyCount "90"]
[EventDate "2024.11.21"]
[WhiteTeam "SK 1858 Gießen"]
[BlackTeam "Schachgemeinschaft Porz e. V."]

1. e4 e5 2. Nf3 Nc6 3. d4 exd4 4. Nxd4 Bc5 5. Be3 Qf6 6. c3 Nge7 7. Bc4 d6 8. O-O Ne5 9. Be2 Qg6 10. Nd2 Bh3 11. Bf3 O-O-O 12. b4 Bb6 13. Kh1 Nxf3 14. Qxf3 Bg4 15. Qg3 d5 16. f3 Bd7 17. Qf2 Rhe8 18. a4 a6 19. a5 Bxd4 20. Bxd4 Bb5 21. Rfe1 dxe4 22. Rxe4 f5 23. Ree1 Nc6 24. Nb3 Qf7 25. Rab1 Rxe1+ 26. Qxe1 Re8 27. Qd1 Ba4 28. Bf2 g6 29. Qc2 Qc4 30. Qa2 Bb5 31. Qa1 Re2 32. Bg3 f4 33. Bh4 g5 34. Bxg5 Qg8 35. Re1 Qxg5 36. Rxe2 Bxe2 37. Qe1 Qe5 38. Nc5 Qe3 39. h3 b6 40. axb6 cxb6 41. Ne4 Bxf3 42. Nd6+ Kb8 43. Qh4 Bxg2+ 44. Kxg2 Qd2+ 45. Qf2 f3+ 0-1

[Event "Sparkassen-Open A"]
[Site "Heusenstamm, Martinsee"]
[Date "2024.11.21"]
[Round "1.85"]
[White "Udelnov, Valentin"]
[Black "Wagner, Cosima Thien-An"]
[Result "1-0"]
[WhiteElo "1980"]
[BlackElo "1764"]
[PlyCount "77"]
[EventDate "2024.11.21"]
[WhiteTeam "SG Aufbau Elbe Magdeburg"]
[BlackTeam "TV Tegernsee"]

1. e4 c5 2. Nf3 g6 3. c4 Bg7 4. d4 cxd4 5. Nxd4 Nc6 6. Be3 Nf6 7. Nc3 Ng4 8. Qxg4 Nxd4 9. Qd1 Ne6 10. Be2 b6 11. O-O Bb7 12. Qc2 Nd4 13. Bxd4 Bxd4 14. Rad1 Bg7 15. f4 O-O 16. Bg4 Bc6 17. e5 Qc7 18. Nd5 Bxd5 19. Rxd5 e6 20. Rd3 Rac8 21. b3 b5 22. c5 Rfd8 23. Rc1 f6 24. exf6 Bxf6 25. Qd2 Kf7 26. b4 h5 27. Bh3 Bg7 28. Re1 Ke7 29. Rd6 a5 30. a3 axb4 31. axb4 Ra8 32. Qd3 Rg8 33. Rd1 Rad8 34. c6 dxc6 35. Rxe6+ Kf7 36. Qxg6+ Kf8 37. Rf6+ Bxf6 38. Qxf6+ Ke8 39. Re1+ 1-0

[Event "Sparkassen-Open A"]
[Site "Heusenstamm, Martinsee"]
[Date "2024.11.21"]
[Round "1.86"]
[White "Fröhlich-Dill, Astrid"]
[Black "Wuerl, Roland"]
[Result "1/2-1/2"]
[WhiteElo "1794"]
[BlackElo "2013"]
[Annotator "Schloessner,Henrik"]
[PlyCount "90"]
[EventDate "2024.11.21"]
[WhiteTeam "SV 1920 Hofheim"]
[BlackTeam "SC FK Babenhausen 1994"]

1. d4 Nf6 2. c4 g6 3. Nc3 d5 4. Bf4 Bg7 5. Nf3 O-O 6. h3 c5 7. e3 Nc6 8. Be2 cxd4 9. exd4 dxc4 10. Bxc4 Bf5 11. O-O Rc8 12. Be2 Ne4 13. g4 Nxc3 14. bxc3 Be6 15. Ng5 Bd7 16. Ne4 e5 17. Bg5 f6 18. Be3 exd4 19. cxd4 Qe7 20. Nc5 b6 21. Qb3+ Kh8 22. Nxd7 Qxd7 23. Bb5 Qd6 24. Rad1 f5 25. Bxc6 Rxc6 26. Bc1 Rfc8 27. Ba3 Qf4 28. Qe3 Qxe3 29. fxe3 fxg4 30. hxg4 Bh6 31. e4 Rc3 32. Bd6 Rc2 33. Bf4 Bxf4 34. Rxf4 Rxa2 35. Rf2 Ra4 36. g5 {Aber hier sind die Mitschriften nicht mehr eindeutig nachvollziehbar!} Rac4 37. e5 Re8 38. Rf7 Ra8 39. Rb7 Rb4 40. Kf2 Rb3 41. Rh1 Rf8+ 42. Ke2 h5 43. Rc1 Rd8 44. Rcc7 Rb4 45. Rd7 Rxd4 1/2-1/2

[Event "Sparkassen-Open A"]
[Site "Heusenstamm, Martinsee"]
[Date "2024.11.21"]
[Round "1.87"]
[White "Stichter, Constantin Paul"]
[Black "Berstler, Tobias"]
[Result "1-0"]
[WhiteElo "1965"]
[BlackElo "1790"]
[PlyCount "51"]
[EventDate "2024.11.21"]
[WhiteTeam "SG Traunstein/Traunreut e.V."]
[BlackTeam "SK Bingen"]

1. e4 c6 2. d4 d5 3. exd5 cxd5 4. Bd3 Nf6 5. c3 Nc6 6. Bf4 e6 7. Nf3 Bd6 8. Bxd6 Qxd6 9. O-O O-O 10. Re1 a6 11. Ne5 b5 12. b4 Bb7 13. Nd2 Ne7 14. Nb3 Ng6 15. a4 Nd7 16. Nxd7 Qxd7 17. Nc5 Qc6 18. h4 Ne7 19. axb5 axb5 20. Qe2 Nf5 21. Bxf5 exf5 22. Rxa8 Bxa8 23. Qe7 h6 24. Re5 Qg6 25. Qxf8+ Kxf8 26. Nd7+ 1-0

[Event "Sparkassen-Open A"]
[Site "Heusenstamm, Martinsee"]
[Date "2024.11.21"]
[Round "1.88"]
[White "Henn, Jakob"]
[Black "Vranckx, Oscar"]
[Result "0-1"]
[WhiteElo "1789"]
[BlackElo "2025"]
[PlyCount "74"]
[EventDate "2024.11.21"]
[WhiteTeam "SC Bad Nauheim"]
[BlackTeam "Sfr.Mainz 1928"]

1. e4 c5 2. Nc3 Nc6 3. g3 g6 4. Bg2 Bg7 5. d3 Rb8 6. Be3 b5 7. Qd2 Nd4 8. Nd1 Qb6 9. c3 Nc6 10. Ne2 b4 11. O-O Ba6 12. f4 Nh6 13. h3 f5 14. Bf3 O-O 15. g4 e6 16. Kg2 Rbd8 17. g5 Nf7 18. h4 Qb5 19. c4 Qb6 20. Rc1 Nd4 21. Nxd4 cxd4 22. Bf2 Qc5 23. b3 Bb7 24. h5 e5 25. hxg6 hxg6 26. Bg3 fxe4 27. Bxe4 Bxe4+ 28. dxe4 exf4 29. Bxf4 Ne5 30. Nf2 Rde8 31. Nd3 Nxd3 32. Qxd3 Re6 33. Rc2 Qe7 34. e5 Rxf4 35. Rxf4 Qxg5+ 36. Kf3 Bxe5 37. Rg4 Rf6+ 0-1

[Event "Sparkassen-Open A"]
[Site "Heusenstamm, Martinsee"]
[Date "2024.11.21"]
[Round "1.89"]
[White "Leibbrand, Udo"]
[Black "Scheerer, Amelie"]
[Result "1-0"]
[WhiteElo "2024"]
[BlackElo "1788"]
[PlyCount "75"]
[EventDate "2024.11.21"]
[WhiteTeam "SC Pforzheim 1906"]
[BlackTeam "SV 1934 Ffm-Griesheim"]

1. c4 e6 2. Nc3 Nf6 3. e4 d5 4. e5 Ne4 5. Nf3 Be7 6. d4 c5 7. Bd3 Nxc3 8. bxc3 O-O 9. Qe2 b6 10. cxd5 exd5 11. h3 c4 12. Bc2 Nc6 13. O-O b5 14. a3 a5 15. Be3 Ba6 16. Qd2 b4 17. Bg5 bxc3 18. Qe3 Bxg5 19. Nxg5 Nxd4 20. Bxh7+ Kh8 21. Qxd4 Qxg5 22. f4 Qe7 23. Bc2 Rfd8 24. Rf3 Qa7 25. Rd1 Qxd4+ 26. Rxd4 Rab8 27. Rxc3 Kg8 28. Kf2 Kf8 29. Ke3 Ke7 30. Rd1 f6 31. Kd4 fxe5+ 32. Kxe5 Rb5 33. Rd4 Rd6 34. f5 Bb7 35. g4 Rd8 36. h4 Rh8 37. h5 Rb6 38. Rd1 1-0

[Event "Sparkassen-Open A"]
[Site "Heusenstamm, Martinsee"]
[Date "2024.11.21"]
[Round "1.90"]
[White "Moldenhauer, Lennart"]
[Black "Junker, Christian"]
[Result "1/2-1/2"]
[WhiteElo "1784"]
[BlackElo "2023"]
[PlyCount "60"]
[EventDate "2024.11.21"]
[WhiteTeam "SV Oberursel"]
[BlackTeam "SV 1926 Neu-Isenburg"]

1. e4 d6 2. d4 g6 3. Nc3 Bg7 4. f4 Nd7 5. Nf3 e6 6. Bd3 Ne7 7. O-O O-O 8. Be3 c6 9. a4 a5 10. Qe2 f5 11. e5 d5 12. Ng5 Nb8 13. h4 h6 14. Nh3 h5 15. Qf2 Bh6 16. Ne2 Bd7 17. c3 b5 18. b3 Na6 19. Ng5 Nc7 20. Ng3 Bxg5 21. hxg5 Rf7 22. c4 Rh7 23. Ne2 Na6 24. Nc1 Qb6 25. Qd2 Nb4 26. Be2 Qb7 27. Nd3 Nxd3 28. Bxd3 b4 29. c5 Kg7 30. Rf3 Qc7 1/2-1/2

[Event "Sparkassen-Open A"]
[Site "Heusenstamm, Martinsee"]
[Date "2024.11.21"]
[Round "1.91"]
[White "Kuhn, Daniel"]
[Black "Rabiya, Karim"]
[Result "1-0"]
[WhiteElo "2011"]
[BlackElo "1778"]
[PlyCount "55"]
[EventDate "2024.11.21"]
[WhiteTeam "SK Landau"]
[BlackTeam "SK Niederbrechen 1948"]

1. e4 Nf6 2. e5 Nd5 3. d4 d6 4. Nf3 g6 5. Bc4 Nb6 6. Bb3 Bg7 7. Ng5 e6 8. Qf3 Qe7 9. Ne4 dxe5 10. Bg5 Qb4+ 11. c3 Qa5 12. Nf6+ Kf8 13. d5 Nxd5 14. Nxd5 exd5 15. Bxd5 f5 16. O-O c6 17. Bb3 Nd7 18. Qd3 Qc5 19. Be6 Bf6 20. Bh6+ Ke7 21. Bb3 e4 22. Qe2 Ne5 23. Nd2 g5 24. Qh5 Be6 25. Bxg5 Rad8 26. Bxf6+ Kxf6 27. Rae1 Ng4 28. Nxe4+ 1-0

[Event "Sparkassen-Open A"]
[Site "Heusenstamm, Martinsee"]
[Date "2024.11.21"]
[Round "1.92"]
[White "Sensoy, Emir"]
[Black "Schröder, Jürgen"]
[Result "0-1"]
[WhiteElo "1778"]
[BlackElo "2020"]
[PlyCount "71"]
[EventDate "2024.11.21"]
[WhiteTeam "MSA Zugzwang 82 e.V."]
[BlackTeam "SC Matt im Park Ffm"]

1. e4 g6 2. d4 Bg7 3. Nf3 d6 4. h3 c5 5. Nc3 cxd4 6. Nxd4 Qb6 7. Ndb5 Nf6 8. Be3 Qa5 9. Bd2 Qd8 10. Be3 Nc6 11. Be2 O-O 12. O-O a6 13. Nd4 d5 14. exd5 Nb4 15. Qd2 Nbxd5 16. Nxd5 Nxd5 17. Bh6 e5 18. Bxg7 Kxg7 19. Nb3 Nf4 20. Bf3 Qxd2 21. Nxd2 f5 22. Nc4 e4 23. Bd1 Nd5 24. Re1 b5 25. Ne3 Bb7 26. Nxd5 Bxd5 27. c3 Rfd8 28. Bc2 Kf6 29. a3 Rd6 30. Rad1 Rad8 31. Rd4 Bc4 32. Rxd6+ Rxd6 33. Rd1 Rxd1+ 34. Bxd1 Ke5 35. a4 f4 36. axb5 0-1

[Event "Sparkassen-Open A"]
[Site "Heusenstamm, Martinsee"]
[Date "2024.11.21"]
[Round "1.93"]
[White "Derr, Oleg"]
[Black "Gärtner, Johannes"]
[Result "1-0"]
[WhiteElo "2019"]
[BlackElo "1777"]
[PlyCount "51"]
[EventDate "2024.11.21"]
[WhiteTeam "VSG 1880 Offenbach"]
[BlackTeam "Sfr.Mainz 1928"]

1. e4 e6 2. d4 d5 3. Nc3 Bb4 4. Nge2 Nf6 5. e5 Nfd7 6. a3 Be7 7. Be3 c5 8. f4 Nc6 9. dxc5 Nxc5 10. b4 Nd7 11. Nd4 Nb6 12. Bd3 O-O 13. O-O f6 14. Qh5 f5 15. Nce2 Bd7 16. Nxc6 bxc6 17. Qf3 Rc8 18. Qf2 Kh8 19. Nd4 c5 20. bxc5 Bxc5 21. Nxf5 Bxe3 22. Nxe3 Qc7 23. Qh4 h6 24. Ng4 Qd8 25. Qh3 Qe7 26. Rf3 1-0

[Event "Sparkassen-Open A"]
[Site "Heusenstamm, Martinsee"]
[Date "2024.11.21"]
[Round "1.94"]
[White "Zargaran, Sepas"]
[Black "Sheng, Ming"]
[Result "0-1"]
[WhiteElo "1777"]
[BlackElo "2009"]
[PlyCount "62"]
[EventDate "2024.11.21"]
[WhiteTeam "VSG 1880 Offenbach"]
[BlackTeam "SVG Saarbrücken 1970 e.V."]

1. e4 c6 2. d4 d5 3. e5 Bf5 4. Nc3 e6 5. g4 Bg6 6. Nge2 c5 7. h4 h5 8. Nf4 Bh7 9. Nxh5 Nc6 10. Be3 cxd4 11. Bxd4 a6 12. Nf4 Nge7 13. Nce2 Qc7 14. Nd3 Be4 15. Rh3 Ng6 16. Qd2 Nxh4 17. O-O-O Nf3 18. Rxh8 Nxd2 19. Bc5 O-O-O 20. Bxf8 Nxf1 21. Bd6 Rxh8 22. Bxc7 Kxc7 23. Rxf1 Bxd3 24. cxd3 Nxe5 25. Kd2 Rh3 26. f4 Rxd3+ 27. Kc2 Rf3 28. Rh1 Nxg4 29. Rh7 Ne3+ 30. Kd2 Nf5 31. Rh8 g6 0-1

[Event "Sparkassen-Open A"]
[Site "Heusenstamm, Martinsee"]
[Date "2024.11.21"]
[Round "1.95"]
[White "Rondonuwu, Grover"]
[Black "Kolar, Edvard"]
[Result "1-0"]
[WhiteElo "2015"]
[BlackElo "1771"]
[PlyCount "55"]
[EventDate "2024.11.21"]
[WhiteTeam "Sabt Frankfurter TV 1860"]
[BlackTeam "KS Rícany 1925"]

1. d4 d5 2. Bf4 Nf6 3. Nc3 g6 4. e3 Bg7 5. h4 O-O 6. h5 Nxh5 7. Rxh5 gxh5 8. Qxh5 e6 9. Bd3 f5 10. Nf3 c5 11. O-O-O c4 12. Rh1 h6 13. Bxh6 Qe8 14. Qh2 Qg6 15. Bxg7 Qxg7 16. Bf1 Nc6 17. Ne2 Kf7 18. Nf4 Ke8 19. Qh5+ Kd8 20. Ng5 Re8 21. Qh6 Qe7 22. Qg6 Bd7 23. Rh7 Qb4 24. c3 Qa4 25. Ngxe6+ Kc8 26. Rxd7 Nd8 27. Nc5 Qxa2 28. Qxe8 1-0

[Event "Sparkassen-Open A"]
[Site "Heusenstamm, Martinsee"]
[Date "2024.11.21"]
[Round "1.96"]
[White "Porstendörfer, Yannik"]
[Black "Wachsmann, Elmar"]
[Result "1/2-1/2"]
[WhiteElo "1769"]
[BlackElo "2011"]
[PlyCount "75"]
[EventDate "2024.11.21"]
[WhiteTeam "SK 1982 Klingenberg e.V."]
[BlackTeam "SC Groß-Umstadt"]

1. d4 d5 2. Nc3 Nf6 3. Bf4 e6 4. e3 a6 5. a3 c5 6. g4 Nc6 7. g5 cxd4 8. exd4 Ne4 9. Nxe4 dxe4 10. c3 Bd6 11. Bxd6 Qxd6 12. Bg2 h6 13. Bxe4 hxg5 14. Qf3 Bd7 15. Qg3 Qxg3 16. hxg3 O-O-O 17. O-O-O Rxh1 18. Bxh1 g4 19. Ne2 Rh8 20. Bxc6 Bxc6 21. Nf4 Rh2 22. Rd2 Be4 23. Re2 Bf3 24. Rd2 Kc7 25. Nd3 f6 26. Nc5 Kd6 27. b4 Rh1+ 28. Kb2 Rf1 29. c4 Bc6 30. d5 exd5 31. cxd5 Bxd5 32. Nxb7+ Ke5 33. Nc5 Bc4 34. Kc3 Rc1+ 35. Kb2 Rf1 36. Kc3 Rc1+ 37. Kb2 Rf1 38. Kc3 1/2-1/2

[Event "Sparkassen-Open A"]
[Site "Heusenstamm, Martinsee"]
[Date "2024.11.21"]
[Round "1.97"]
[White "Wambach, Jürgen"]
[Black "Shah, Shrey"]
[Result "0-1"]
[WhiteElo "2015"]
[BlackElo "1753"]
[PlyCount "94"]
[EventDate "2024.11.21"]
[WhiteTeam "SK 1982 Klingenberg e.V."]
[BlackTeam "Amstelveen"]

1. c4 e5 2. g3 c6 3. Nf3 e4 4. Nd4 d5 5. cxd5 cxd5 6. d3 Bc5 7. Nb3 Bb6 8. Bg2 exd3 9. Qxd3 Nf6 10. Nc3 Be6 11. O-O O-O 12. Na4 Nc6 13. Bg5 Bc7 14. Nac5 b6 15. Nxe6 fxe6 16. Rac1 Ne5 17. Qc2 Rc8 18. Nd4 Qd7 19. Bh3 Rfe8 20. b3 Nf7 21. Be3 Bxg3 22. Qb2 Bb8 23. Rxc8 Qxc8 24. Rc1 Qd7 25. Nc6 Bc7 26. Nxa7 Bxh2+ 27. Kxh2 Qxa7 28. Rc6 Qd7 29. Rxb6 Ng5 30. Qe5 Nxh3 31. Kxh3 Ne4 32. f3 Nf6 33. Bd4 Qf7 34. Ra6 Nd7 35. Qg5 h6 36. Qg4 Nf6 37. Qh4 Nd7 38. Ra7 h5 39. Qg5 e5 40. Bf2 e4 41. f4 e3 42. Be1 d4 43. Kh4 Rc8 44. Bg3 Rc1 45. Qd8+ Kh7 46. Rxd7 Rh1+ 47. Bh2 Qxf4+ 0-1

[Event "Sparkassen-Open A"]
[Site "Heusenstamm, Martinsee"]
[Date "2024.11.21"]
[Round "1.98"]
[White "Noll, Raphael"]
[Black "de Reuter, Uwe"]
[Result "1/2-1/2"]
[WhiteElo "1748"]
[BlackElo "2012"]
[PlyCount "97"]
[EventDate "2024.11.21"]
[WhiteTeam "SK Marburg 1931/72"]
[BlackTeam "Schachforum Darmstadt 1994"]

1. e4 c6 2. d4 d5 3. Nc3 dxe4 4. Nxe4 Bf5 5. Ng3 Bg6 6. h4 h6 7. Nf3 e6 8. h5 Bh7 9. Bf4 Qa5+ 10. c3 Nd7 11. Bd3 Bxd3 12. Qxd3 Ngf6 13. Ne5 Be7 14. Nxd7 Nxd7 15. Ne4 O-O 16. Qf3 Qd5 17. O-O f5 18. Nd2 Nf6 19. Qe2 c5 20. Nb3 c4 21. Nd2 Rac8 22. Rfe1 Rc6 23. Be5 Nd7 24. f4 Bf6 25. Nf3 Bxe5 26. fxe5 Rf7 27. Nh4 Nf6 28. Ng6 Qd8 29. Qf3 Nd5 30. Nf4 Nxf4 31. Qxf4 Qg5 32. Qf3 Rd7 33. Rad1 Rd5 34. g3 Rc7 35. Rf1 b5 36. a3 a5 37. Kg2 Rcd7 38. Rh1 Qe7 39. g4 Qg5 40. Kh3 Rf7 41. Rhe1 Rd8 42. Rg1 Rdf8 43. gxf5 Qxf5+ 44. Qg4 Qxg4+ 45. Rxg4 Rf3+ 46. Rg3 Rf1 47. Rxf1 Rxf1 48. Rg2 Rf5 49. Kh4 1/2-1/2

[Event "Sparkassen-Open A"]
[Site "Heusenstamm, Martinsee"]
[Date "2024.11.21"]
[Round "1.99"]
[White "Bräutigam, Thomas"]
[Black "Zarriess, Benjamin"]
[Result "1/2-1/2"]
[WhiteElo "2010"]
[BlackElo "1751"]
[PlyCount "106"]
[EventDate "2024.11.21"]
[WhiteTeam "SC 1957 Bad Königshofen e.V."]
[BlackTeam "Hamburg"]

1. d4 d5 2. Nf3 Nf6 3. g3 e6 4. Bg2 Be7 5. O-O O-O 6. c4 Nbd7 7. Qc2 c6 8. Nbd2 b6 9. e4 dxc4 10. Nxc4 Bb7 11. Rd1 c5 12. Nfe5 cxd4 13. Rxd4 Qc8 14. Nxd7 Nxd7 15. Qd1 Nf6 16. Bf4 Rd8 17. Nd6 Bxd6 18. Bxd6 Rd7 19. Rc1 Qe8 20. e5 Nd5 21. Qh5 f5 22. Qd1 Rc8 23. Rdc4 Rdd8 24. a3 Rxc4 25. Rxc4 Rc8 26. Qc2 Rxc4 27. Qxc4 Qh5 28. Qc2 Qe8 29. h4 Qb5 30. Bf1 Qe8 31. Qc4 Qd7 32. a4 Bc6 33. b3 Bb7 34. Qc1 a6 35. Be2 Kf7 36. Bh5+ Kg8 37. Be2 Kf7 38. Qc2 Kg8 39. Qc4 Qe8 40. Qc1 Qd7 41. Qc4 Qe8 42. Qc2 Qd7 43. b4 b5 44. axb5 axb5 45. Qc5 Bc6 46. Bf1 Qb7 47. Be2 Qa6 48. Bf1 Qb7 49. Kh2 Qd7 50. Be2 Qb7 51. Bf1 Qd7 52. Be2 Qb7 53. Bf1 Qd7 1/2-1/2

[Event "Sparkassen-Open A"]
[Site "Heusenstamm, Martinsee"]
[Date "2024.11.21"]
[Round "1.100"]
[White "Wang, Simon"]
[Black "Thomas, Tobias"]
[Result "0-1"]
[WhiteElo "1749"]
[BlackElo "1979"]
[PlyCount "80"]
[EventDate "2024.11.21"]
[WhiteTeam "SF Dachau 1932 e.V."]
[BlackTeam "SK Langen"]

1. c4 Nf6 2. g3 e6 3. Bg2 d5 4. d4 Be7 5. Nf3 O-O 6. b3 b6 7. O-O Bb7 8. Bb2 dxc4 9. bxc4 c5 10. e3 Nc6 11. Nbd2 Rc8 12. dxc5 Bxc5 13. Nb3 Qe7 14. Nxc5 bxc5 15. Qe2 Nd7 16. Rfd1 Ba6 17. Nd2 Nb6 18. Rac1 Rfd8 19. Bf1 Nb4 20. a3 Nd3 21. Rc2 Nxb2 22. Rxb2 Rd7 23. Rc2 Rcd8 24. Rcc1 Rd3 25. Qxd3 Rxd3 26. Bxd3 g6 27. Nb3 Bb7 28. Bf1 Bf3 29. Rd2 Nd7 30. Bg2 Ne5 31. h4 Bxg2 32. Kxg2 Qb7+ 33. Kh3 Qxb3 34. Rd8+ Kg7 35. Rcd1 Qxc4 36. f4 Nc6 37. Rc8 Ne7 38. Rc7 Nd5 39. Rb7 Nxe3 40. Re7 Qd3 0-1

[Event "Sparkassen-Open A"]
[Site "Heusenstamm, Martinsee"]
[Date "2024.11.21"]
[Round "1.101"]
[White "von Auer, Ulrich"]
[Black "Eitel, Luc"]
[Result "1-0"]
[WhiteElo "2007"]
[BlackElo "1742"]
[PlyCount "85"]
[EventDate "2024.11.21"]
[WhiteTeam "SV Oberursel"]
[BlackTeam "SAbt SV Werder Bremen"]

1. d4 d5 2. c4 dxc4 3. Nf3 Nf6 4. e3 e6 5. Bxc4 c5 6. O-O Nbd7 7. Nc3 a6 8. a4 Qc7 9. Bb3 cxd4 10. exd4 Bd6 11. Bg5 O-O 12. Rc1 Qa5 13. Qd3 e5 14. Bxf6 Nxf6 15. dxe5 Bxe5 16. Nxe5 Qxe5 17. Rfe1 Qg5 18. Ne4 Qg6 19. Nxf6+ Qxf6 20. Rc7 Bf5 21. Qe3 Bg6 22. Rxb7 Kh8 23. Bd5 Rad8 24. Bf3 Rd3 25. Qe7 Qxe7 26. Rexe7 Rc8 27. h3 Rc1+ 28. Kh2 h6 29. Be4 Bxe4 30. Rxe4 Rc2 31. Rxf7 Rxb2 32. Re8+ Kh7 33. Ree7 Rd6 34. Rxg7+ Kh8 35. Rh7+ Kg8 36. Reg7+ Kf8 37. Ra7 Kg8 38. Rhd7 Rxd7 39. Rxd7 Rxf2 40. Rd6 a5 41. Rd5 Ra2 42. Rxa5 Kf7 43. Kg3 1-0

[Event "Sparkassen-Open A"]
[Site "Heusenstamm, Martinsee"]
[Date "2024.11.21"]
[Round "1.102"]
[White "Kuckel, Michael"]
[Black "Vihan, Shourya"]
[Result "0-1"]
[WhiteElo "1738"]
[BlackElo "2007"]
[PlyCount "110"]
[EventDate "2024.11.21"]
[WhiteTeam "SC Matt im Park Ffm"]
[BlackTeam "SV 1920 Hofheim"]

1. d4 d5 2. Nf3 Nf6 3. e3 c5 4. c3 cxd4 5. exd4 Bf5 6. Qb3 Qc7 7. Bg5 e6 8. Bxf6 gxf6 9. Nbd2 Nc6 10. Nh4 Bg6 11. Nxg6 fxg6 12. Bd3 Bg7 13. O-O O-O 14. f4 Qd7 15. Rae1 Rfe8 16. Nf3 a6 17. a4 Kh8 18. Qc2 Rac8 19. Re3 Bh6 20. Nh4 Nxd4 21. Qf2 Nf5 22. Rh3 Ne7 23. Nxg6+ hxg6 24. Rxh6+ Kg7 25. Rh3 Qxa4 26. Qe3 Nf5 27. Bxf5 exf5 28. Qd2 Red8 29. Rd3 Qd7 30. Rd1 Rc5 31. Re1 Rc4 32. Rd1 b5 33. g3 d4 34. Qf2 Qe7 35. Kf1 b4 36. cxd4 Rd5 37. Re1 Qd8 38. Red1 Rc7 39. Re1 Rcd7 40. Red1 a5 41. b3 Qa8 42. Qd2 Qa6 43. Kf2 Qb6 44. Kg2 Re7 45. Rc1 Re4 46. Rc4 Qd6 47. Kf3 Kh6 48. Kf2 g5 49. fxg5+ fxg5 50. Kg2 f4 51. gxf4 Rxf4 52. Rh3+ Kg7 53. Qc2 Rdf5 54. Rc7+ Kg6 55. Rhh7 Qd5+ 0-1

[Event "Sparkassen-Open A"]
[Site "Heusenstamm, Martinsee"]
[Date "2024.11.21"]
[Round "1.103"]
[White "Lenz, Joshua"]
[Black "Schneider, Till"]
[Result "1-0"]
[WhiteElo "2006"]
[BlackElo "1729"]
[PlyCount "113"]
[EventDate "2024.11.21"]
[WhiteTeam "TSV Schott Mainz"]
[BlackTeam "SC Brett vorm Kopp Ffm"]

1. e4 e6 2. d4 d5 3. e5 Bd7 4. Nf3 a6 5. c3 Bb5 6. Bxb5+ axb5 7. O-O Nd7 8. h4 Nb6 9. Qe2 c6 10. Bf4 Nh6 11. Bxh6 gxh6 12. h5 Kd7 13. b3 Rg8 14. Nbd2 Be7 15. c4 b4 16. Rfc1 Rg4 17. Nf1 Bg5 18. Ne3 Re4 19. Qd2 Bxe3 20. fxe3 Qe7 21. c5 Nc8 22. Qxb4 b6 23. Kf2 Ra5 24. Qc3 Qd8 25. b4 Ra8 26. a4 Ne7 27. cxb6 Qxb6 28. Qc5 Qb7 29. b5 Rc8 30. Qd6+ Ke8 31. bxc6 Qb2+ 32. Kg1 Rg4 33. Ne1 Qe2 34. Qa3 Rh4 35. Qd3 Qxh5 36. Nf3 Rg4 37. Kf2 Nf5 38. Rc3 Re4 39. Qa6 Ne7 40. Qb7 Qg6 41. Qd7+ Kf8 42. c7 Re8 43. c8=Q Nxc8 44. Rxc8 Rxc8 45. Qxc8+ Kg7 46. Qc3 Rg4 47. Rg1 f6 48. Qc7+ Kf8 49. exf6 Qxf6 50. a5 Rg7 51. Qc8+ Kf7 52. a6 Kg6 53. Qc5 Qd8 54. Rc1 Qb8 55. Qc8 Qb6 56. Qc6 Qa5 57. Qxe6+ 1-0

[Event "Sparkassen-Open A"]
[Site "Heusenstamm, Martinsee"]
[Date "2024.11.21"]
[Round "1.104"]
[White "Fettig, Michel"]
[Black "Müller, Maximilian"]
[Result "0-1"]
[WhiteElo "1715"]
[BlackElo "2005"]
[PlyCount "72"]
[EventDate "2024.11.21"]
[WhiteTeam "SC ML Kastellaun"]
[BlackTeam "SVG Saarbrücken 1970 e.V."]

1. c4 g6 2. g3 Bg7 3. Bg2 d6 4. Nc3 e5 5. e4 h5 6. Nge2 Nc6 7. d3 Nh6 8. Be3 Ng4 9. Nd5 O-O 10. O-O Ne7 11. h3 Nxd5 12. cxd5 Nxe3 13. fxe3 Qg5 14. Qd2 Bd7 15. Kh2 Kh7 16. Ng1 Bh6 17. Rae1 f5 18. Qb4 b6 19. Qc4 Rac8 20. h4 Qe7 21. exf5 gxf5 22. Bh3 Qg7 23. Nf3 Rf6 24. Rg1 Rg6 25. a3 Kh8 26. b4 b5 27. Qc3 Qe7 28. e4 f4 29. Bxd7 Qxd7 30. Nxe5 dxe5 31. Qxe5+ Qg7 32. Qxh5 fxg3+ 33. Kg2 Rf8 34. Rgf1 Rxf1 35. Rxf1 Qb2+ 36. Kh3 Qh2# 0-1

[Event "Sparkassen-Open A"]
[Site "Heusenstamm, Martinsee"]
[Date "2024.11.21"]
[Round "1.105"]
[White "Lutterbach, Jakob"]
[Black "Althaus, Lennart"]
[Result "1/2-1/2"]
[WhiteElo "1914"]
[BlackElo "1711"]
[PlyCount "90"]
[EventDate "2024.11.21"]
[WhiteTeam "SK Bingen"]
[BlackTeam "TV-Großostheim 1900 e.V."]

1. c4 c5 2. Nf3 Nf6 3. Nc3 Nc6 4. e3 d5 5. d4 e6 6. a3 a6 7. dxc5 dxc4 8. Qxd8+ Nxd8 9. Na4 Nd7 10. Bxc4 Bxc5 11. Nxc5 Nxc5 12. b4 Na4 13. Bb3 Bd7 14. O-O O-O 15. Rd1 Bb5 16. Nd4 Nc3 17. Re1 Ba4 18. Bd2 Bxb3 19. Nxb3 Ne4 20. Red1 e5 21. f3 Nxd2 22. Rxd2 Ne6 23. Rc1 Rfd8 24. Rdc2 f6 25. Kf2 Rd3 26. Rc3 Rad8 27. Ke2 Rxc3 28. Rxc3 Kf7 29. Na5 Rd7 30. Rc8 Ke7 31. Rb8 Nd8 32. Nb3 Ne6 33. Na5 Nd8 34. Rc8 Ne6 35. Rc3 h6 36. Rd3 Nd8 37. Rxd7+ Kxd7 38. Kd3 Kd6 39. h4 Kd5 40. g3 b6 41. Nc4 b5 42. e4+ Ke6 43. Ne3 Nc6 44. Nf5 Kf7 45. Kc3 h5 1/2-1/2

[Event "Sparkassen-Open A"]
[Site "Heusenstamm, Martinsee"]
[Date "2024.11.21"]
[Round "1.106"]
[White "Kuchta, Maksim"]
[Black "Schwarz, David"]
[Result "0-1"]
[WhiteElo "1711"]
[BlackElo "1948"]
[PlyCount "92"]
[EventDate "2024.11.21"]
[WhiteTeam "SC Heusenstamm"]
[BlackTeam "SF Birkenfeld"]

1. e4 c6 2. d4 d5 3. Nc3 dxe4 4. Nxe4 Nf6 5. Nxf6+ exf6 6. Nf3 Bd6 7. Bd3 O-O 8. O-O Bg4 9. Bd2 Qb6 10. c3 Qxb2 11. Rb1 Qxa2 12. Rxb7 Nd7 13. h3 Be6 14. Rb1 Qa5 15. c4 Qc7 16. Nh4 Rfe8 17. Nf5 Bf8 18. Qf3 g6 19. Bf4 Qd8 20. Nd6 Bxd6 21. Bxd6 Nb6 22. c5 Nd5 23. Ba6 Bc8 24. Bc4 Be6 25. Ba6 Bf5 26. Rb2 Be4 27. Qg3 Qd7 28. Rb7 Qf5 29. Ra1 g5 30. Ra4 h5 31. Be2 Bc2 32. Raxa7 Rxa7 33. Rxa7 Rxe2 34. Ra6 h4 35. Qf3 Qxf3 36. gxf3 Re1+ 37. Kg2 Nb4 38. Rb6 Rb1 39. Bc7 Ba4 40. Rb8+ Kg7 41. Ba5 Bb5 42. Bxb4 Rxb4 43. d5 Bf1+ 44. Kxf1 Rxb8 45. d6 Kf8 46. Ke2 Rb5 0-1